000
00270cam a22000977a 4500
008
180718b1961 xxu||||| |||| 00| 0 eng d
082
_a
Loox5434 R137r
245
_a
General financial and account rules
260
_a
Jaipur
_b
Government Central Press
_c
1961
300
_a
348+p.
999
_c
500256
_d
500256